[Event "Montreal op"]
[Site "Montreal CAN"]
[Date "2025.09.06"]
[Round "5.16"]
[White "Kiryakov, Marin"]
[Black "Siegel, Adam"]
[Result "0-1"]
[WhiteElo "1895"]
[BlackElo "2051"]
[WhiteFideId "-1"]
[WhiteFideId "-1"]
[PlyCount "148"]
[GameId "2220273546997941"]
[EventDate "2025.09.03"]
[EventType "swiss"]
[EventRounds "7"]
[EventCountry "CAN"]

1. e4 c5 2. Nf3 d6 3. d4 cxd4 4. Nxd4 Nf6 5. Nc3 Nc6 6. Bg5 e6 7. Qd2 a6 8. O-O-O Be7 9. Bxf6 gxf6 10. f4 Nxd4 11. Qxd4 Qa5 12. Kb1 Bd7 13. Be2 Qc5 14. Qd2 b5 15. Bf3 Ra7 16. Ne2 b4 17. Nd4 a5 18. f5 e5 19. Ne2 Rc7 20. c4 Qb6 21. Qh6 Rxc4 22. Qg7 Rf8 23. Rc1 d5 24. Qxh7 Qe3 25. exd5 Qd3+ 26. Ka1 Bxf5 27. Qh6 Rxc1+ 28. Qxc1 Qc2 29. Ng3 Qxc1+ 30. Rxc1 Bd7 31. Be4 Rh8 32. Rh1 Rh4 33. Bf5 Bb5 34. b3 Bc5 35. h3 Rf4 36. h4 Bd4+ 37. Kb1 Rxf5 38. Nxf5 Bd3+ 39. Kc1 Bxf5 40. h5 Be3+ 41. Kd1 Bh6 42. Rh4 Kd7 43. Rc4 Bg5 44. Rc5 Bg4+ 45. Kc2 Bxh5 46. Rxa5 Bg6+ 47. Kd1 Kd6 48. Rb5 Be4 49. Rxb4 Bxg2 50. a4 Bxd5 51. a5 Be3 52. a6 Bc5 53. Rb8 Kc7 54. Rb5 Kc6 55. Rb8 Ba7 56. Rb7 Bb6 57. Kc2 Kb5 58. Rd7 Be4+ 59. Kc3 Bd4+ 60. Kd2 Kxa6 61. Rd6+ Kb5 62. Rxf6 Bd5 63. Kd3 Bxb3 64. Ke4 Kc5 65. Ra6 Bc2+ 66. Kf3 f5 67. Ra7 Be4+ 68. Ke2 f4 69. Rc7+ Bc6 70. Kd3 e4+ 71. Ke2 f3+ 72. Ke1 e3 73. Re7 e2 74. Kd2 Bf2 0-1

[Event "Montreal op"]
[Site "Montreal CAN"]
[Date "2025.09.06"]
[Round "5.17"]
[White "Lopez Linares, Lizandro"]
[Black "Buzhor, Danil"]
[Result "1-0"]
[WhiteElo "2038"]
[BlackElo "1913"]
[WhiteFideId "-1"]
[WhiteFideId "-1"]
[PlyCount "45"]
[GameId "2220297165648064"]
[EventDate "2025.09.03"]
[EventType "swiss"]
[EventRounds "7"]
[EventCountry "CAN"]

1. d4 c5 2. e3 cxd4 3. exd4 d5 4. Bd3 Nc6 5. c3 Nf6 6. Nf3 g6 7. O-O Bg7 8. Re1 O-O 9. h3 Qc7 10. Bg5 Be6 11. Nbd2 Rfe8 12. Bh4 Nh5 13. Ng5 Bd7 14. Qf3 Bf6 15. Qxd5 e6 16. Qf3 Kg7 17. Nde4 Qf4 18. Nxf6 Qxh4 19. Nxh5+ Qxh5 20. Qxf7+ Kh6 21. Qxh7+ Kxg5 22. Qxd7 Rad8 23. Qxb7 1-0

[Event "Montreal op"]
[Site "Montreal CAN"]
[Date "2025.09.06"]
[Round "5.18"]
[White "Di Matteo, Alessio"]
[Black "Latreche, Sabrina"]
[Result "0-1"]
[WhiteElo "1876"]
[BlackElo "1984"]
[WhiteFideId "-1"]
[WhiteFideId "-1"]
[PlyCount "126"]
[GameId "2221636302316144"]
[EventDate "2025.09.03"]
[EventType "swiss"]
[EventRounds "7"]
[EventCountry "CAN"]

1. d4 Nf6 2. c4 e6 3. Nc3 d5 4. cxd5 exd5 5. Bg5 c6 6. e3 Bb4 7. a3 Bxc3+ 8. bxc3 Qa5 9. Rc1 Ne4 10. Bh4 Qxa3 11. Qc2 Bf5 12. Bd3 Nd6 13. Ne2 Bxd3 14. Qxd3 Qa6 15. Qc2 Qc4 16. O-O a5 17. f3 f6 18. Bg3 Nf7 19. Nf4 O-O 20. Ne6 Rc8 21. Nc7 Ra7 22. Qf5 Rd8 23. Ne6 Nh6 24. Qh3 Re8 25. Nc7 Rd8 26. Qe6+ Nf7 27. Ne8 b5 28. Bc7 Rxc7 29. Nxc7 Nd7 30. Qg4 Nf8 31. Ne6 Nxe6 32. Qxe6 Kf8 33. Qf5 h6 34. Rfe1 c5 35. Qb1 a4 36. dxc5 Ne5 37. Red1 Qxc5 38. Qb4 Qxb4 39. cxb4 Nc4 40. Kf2 Ke7 41. Rd4 Rd6 42. Rcd1 Ke6 43. e4 dxe4 44. Rxe4+ Kd7 45. Rxd6+ Kxd6 46. Re8 Ne5 47. Rd8+ Kc7 48. Rd1 Nc6 49. Rb1 Kb6 50. Ke3 a3 51. Kd2 Nxb4 52. Kc3 Nd5+ 53. Kb3 b4 54. Rc1 Nc3 55. Re1 a2 56. Kb2 Kc5 57. Re7 b3 58. Rxg7 Na4+ 59. Ka1 Kb4 60. Re7 Ka3 61. Re3 Nc5 62. g4 Ne6 63. h4 Nd4 0-1

[Event "Montreal op"]
[Site "Montreal CAN"]
[Date "2025.09.06"]
[Round "5.19"]
[White "Radenovic, Milan"]
[Black "Trofimov-Malyshkin, Valentyn"]
[Result "1/2-1/2"]
[WhiteElo "1851"]
[BlackElo "1964"]
[WhiteFideId "-1"]
[WhiteFideId "-1"]
[PlyCount "73"]
[GameId "2220306848600181"]
[EventDate "2025.09.03"]
[EventType "swiss"]
[EventRounds "7"]
[EventCountry "CAN"]

1. e4 c5 2. Nf3 e6 3. d4 cxd4 4. Nxd4 a6 5. c4 Qc7 6. a3 Nf6 7. Nc3 Be7 8. Be3 d6 9. Rc1 Nbd7 10. Be2 O-O 11. O-O b6 12. b4 Bb7 13. f3 Rac8 14. Na4 Qb8 15. Nb3 Rfe8 16. Kh1 Bd8 17. Qd2 Bc7 18. Bg1 d5 19. exd5 exd5 20. cxd5 Bxd5 21. Nd4 b5 22. Nb2 Bf4 23. Rxc8 Rxc8 24. Be3 Bxe3 25. Qxe3 Re8 26. Qd2 Ne5 27. a4 bxa4 28. Nxa4 Nc6 29. Nxc6 Bxc6 30. Nc5 Bb5 31. Bxb5 Qxb5 32. Ra1 a5 33. Nd3 axb4 34. Nxb4 Qe2 35. Qxe2 Rxe2 36. Ra8+ Re8 37. Rxe8+ 1/2-1/2

[Event "Montreal op"]
[Site "Montreal CAN"]
[Date "2025.09.06"]
[Round "5.20"]
[White "Nassar, Marc"]
[Black "Atmani, Amine"]
[Result "0-1"]
[WhiteElo "1946"]
[BlackElo "1871"]
[WhiteFideId "-1"]
[WhiteFideId "-1"]
[PlyCount "96"]
[GameId "2220309553225853"]
[EventDate "2025.09.03"]
[EventType "swiss"]
[EventRounds "7"]
[EventCountry "CAN"]

1. e4 e6 2. d4 d5 3. Nc3 Nf6 4. e5 Nfd7 5. f4 c5 6. Nf3 Nc6 7. Be3 cxd4 8. Nxd4 Qb6 9. Qd2 Qxb2 10. Rb1 Qa3 11. Bb5 Nxd4 12. Bxd4 a6 13. Bxd7+ Bxd7 14. Rb3 Qe7 15. Rxb7 Rc8 16. O-O Qd8 17. Rb3 Bc5 18. f5 Bxd4+ 19. Qxd4 Rc4 20. Qd3 Qc7 21. Qg3 g6 22. f6 h5 23. Rf4 d4 24. Ne2 Rxc2 25. Qd3 Rxa2 26. Rxd4 Bb5 27. Rxb5 axb5 28. Qxb5+ Kf8 29. Rd7 Qc8 30. Qb4+ Kg8 31. Rxf7 Rh6 32. Rb7 Ra8 33. Qe7 Qf8 34. Qxe6+ Kh8 35. Qb6 Rh7 36. Rxh7+ Kxh7 37. h4 Qf7 38. Nd4 Kg8 39. Nf3 Qc4 40. Qb1 Qg4 41. Ng5 Qd4+ 42. Kh2 Qxe5+ 43. g3 Qxf6 44. Qb3+ Kh8 45. Ne4 Qd4 46. Qe6 Qb2+ 47. Kh3 Qa1 48. Nf2 Qf1+ 0-1

[Event "Montreal op"]
[Site "Montreal CAN"]
[Date "2025.09.06"]
[Round "5.21"]
[White "Lamontagne, Damien"]
[Black "Ang, Alan"]
[Result "1-0"]
[WhiteElo "1834"]
[BlackElo "1938"]
[WhiteFideId "-1"]
[WhiteFideId "-1"]
[PlyCount "71"]
[GameId "2220319386796168"]
[EventDate "2025.09.03"]
[EventType "swiss"]
[EventRounds "7"]
[EventCountry "CAN"]

1. e4 g6 2. d4 Bg7 3. Nc3 c5 4. Be3 Qa5 5. Nge2 Nf6 6. f3 cxd4 7. Nxd4 Nc6 8. Qd2 O-O 9. O-O-O Nxd4 10. Bxd4 Rd8 11. Bc4 a6 12. Bb3 d6 13. h4 Be6 14. g4 Bxb3 15. cxb3 h5 16. Kb1 Rac8 17. Qg2 e5 18. Be3 hxg4 19. fxg4 d5 20. Nxd5 Nxd5 21. exd5 e4 22. h5 Rxd5 23. hxg6 Rcd8 24. gxf7+ Kf8 25. Rdf1 Rd2 26. Bxd2 Rxd2 27. Rf2 Rd4 28. Qh2 Rd8 29. Qh7 Qe5 30. Rc1 e3 31. Rfc2 e2 32. Qg8+ Ke7 33. Rc7+ Kf6 34. Qxd8+ Kg6 35. Qd3+ Kg5 36. Qf5+ 1-0

[Event "Montreal op"]
[Site "Montreal CAN"]
[Date "2025.09.06"]
[Round "5.22"]
[White "Jacquet, Stephane"]
[Black "Dufresne, Christophe"]
[Result "1/2-1/2"]
[WhiteElo "1931"]
[BlackElo "1762"]
[WhiteFideId "-1"]
[WhiteFideId "-1"]
[PlyCount "114"]
[GameId "2220504394313872"]
[EventDate "2025.09.03"]
[EventType "swiss"]
[EventRounds "7"]
[EventCountry "CAN"]

1. d4 d5 2. c4 c6 3. Nc3 Nf6 4. Nf3 e6 5. Bg5 dxc4 6. e4 b5 7. e5 h6 8. Bh4 g5 9. Nxg5 hxg5 10. Bxg5 Nbd7 11. g3 Bb7 12. Bg2 Qb6 13. exf6 c5 14. d5 O-O-O 15. O-O b4 16. Rb1 Qa6 17. dxe6 Bxg2 18. e7 Bxf1 19. Kxf1 Bxe7 20. fxe7 Rdg8 21. Ne4 c3+ 22. Kg1 Rxg5 23. Nxg5 Qg6 24. bxc3 Qxg5 25. cxb4 Qxe7 26. bxc5 Qe4 27. Qb3 Kc7 28. Rd1 Ne5 29. h4 Re8 30. Qd5 Qxd5 31. Rxd5 Kc6 32. Rd6+ Kxc5 33. Ra6 Nc6 34. Kg2 Rh8 35. Kh3 Kb5 36. Ra3 a5 37. Rf3 Rh7 38. g4 Nb4 39. a3 Nc2 40. Rc3 Nd4 41. h5 Ne2 42. Re3 Nf4+ 43. Kg3 Nxh5+ 44. gxh5 Rxh5 45. Kg4 Rc5 46. f4 Ka4 47. f5 Rb5 48. Kg5 Rb3 49. Rxb3 Kxb3 50. Kf6 Kxa3 51. Kxf7 Kb2 52. Ke6 a4 53. f6 a3 54. f7 a2 55. f8=Q a1=Q 56. Qh8+ Kb1 57. Qxa1+ Kxa1 1/2-1/2

[Event "Montreal op"]
[Site "Montreal CAN"]
[Date "2025.09.06"]
[Round "5.23"]
[White "Huynh, Nhu Phuong Nghi"]
[Black "Deboosere, Adam Moussa"]
[Result "0-1"]
[WhiteElo "1400"]
[BlackElo "1925"]
[WhiteFideId "-1"]
[WhiteFideId "-1"]
[PlyCount "76"]
[GameId "2220507352543384"]
[EventDate "2025.09.03"]
[EventType "swiss"]
[EventRounds "7"]
[EventCountry "CAN"]

1. d4 Nf6 2. c4 b6 3. Nf3 Bb7 4. g3 g6 5. Bg2 Bg7 6. O-O O-O 7. Nc3 Ne4 8. Qc2 Nxc3 9. Qxc3 c5 10. e3 Bxf3 11. Bxf3 Nc6 12. Qd3 cxd4 13. Qe4 dxe3 14. Bxe3 Bxb2 15. Rad1 Rc8 16. Bg5 Bg7 17. Qe2 Re8 18. Bg4 Rc7 19. Rd2 Ne5 20. Bf4 d6 21. Bxe5 Bxe5 22. f4 Bg7 23. f5 Rf8 24. h4 Rc5 25. Qe4 Qc7 26. fxg6 hxg6 27. h5 Rxc4 28. Qe2 d5 29. Kg2 Qe5 30. Qd1 Rc3 31. Rf3 Qe4 32. Bh3 g5 33. Bf5 Qxf3+ 34. Qxf3 Rxf3 35. Kxf3 e6 36. Bd3 Rc8 37. Kg4 Bh6 38. Bb5 f5+ 0-1

[Event "Montreal op"]
[Site "Montreal CAN"]
[Date "2025.09.06"]
[Round "5.24"]
[White "Li, Yilin"]
[Black "Chua, Zachary"]
[Result "1-0"]
[WhiteElo "1922"]
[BlackElo "1744"]
[WhiteFideId "-1"]
[WhiteFideId "-1"]
[PlyCount "157"]
[GameId "2220508770840736"]
[EventDate "2025.09.03"]
[EventType "swiss"]
[EventRounds "7"]
[EventCountry "CAN"]

1. c4 e6 2. Nc3 d5 3. d4 Nf6 4. g3 b6 5. Bg2 Bb7 6. e3 Be7 7. b3 O-O 8. Nge2 c5 9. O-O Qd7 10. dxc5 bxc5 11. cxd5 exd5 12. Bb2 Rd8 13. Rc1 Nc6 14. Na4 Nb4 15. Nxc5 Bxc5 16. Rxc5 Qd6 17. Bxf6 Qxf6 18. Rb5 Qe7 19. Qd2 a5 20. Rc1 Rdc8 21. Rxc8+ Rxc8 22. a3 Nc6 23. Rxd5 Qxa3 24. Rd7 Ba8 25. h4 g6 26. Kh2 Qf8 27. Nd4 Ne5 28. Ra7 Bxg2 29. Kxg2 Rd8 30. Qxa5 Qe8 31. Qc5 Ng4 32. Qe7 Qxe7 33. Rxe7 Nf6 34. Ra7 Rb8 35. Kf3 Kf8 36. Ke2 Ne4 37. g4 Nc5 38. Ra3 Ke8 39. f3 Rb7 40. Kd2 Kd7 41. Kc3 Rc7 42. Nb5 Rc8 43. Ra7+ Ke6 44. Rc7 Rxc7 45. Nxc7+ Kd6 46. Nb5+ Kc6 47. Nd4+ Kd6 48. Kc4 Nd7 49. Kb5 f6 50. b4 Ne5 51. Ka6 Nd3 52. b5 Nc5+ 53. Ka7 h5 54. gxh5 gxh5 55. b6 Kd5 56. b7 Nxb7 57. Kxb7 Kc4 58. Kc6 Kd3 59. Nf5 Ke2 60. f4 Kf3 61. Kd5 Kg4 62. Ke6 Kf3 63. Kxf6 Ke4 64. Kg5 Kd5 65. Kxh5 Ke6 66. Kg6 Kd5 67. h5 Ke4 68. h6 Kf3 69. h7 Kg2 70. h8=Q Kf3 71. Qh1+ Ke2 72. e4 Kd3 73. e5 Kd2 74. Qf3 Kc2 75. Nd4+ Kd2 76. e6 Kc1 77. Qc3+ Kb1 78. Qc2+ Ka1 79. Nb3# 1-0

[Event "Montreal op"]
[Site "Montreal CAN"]
[Date "2025.09.06"]
[Round "5.25"]
[White "Berube, Maximilien"]
[Black "Ramesan, Raunak Amit"]
[Result "1/2-1/2"]
[WhiteElo "2007"]
[BlackElo "1877"]
[WhiteFideId "-1"]
[WhiteFideId "-1"]
[PlyCount "130"]
[GameId "2220511003504808"]
[EventDate "2025.09.03"]
[EventType "swiss"]
[EventRounds "7"]
[EventCountry "CAN"]

1. d4 Nf6 2. c4 e6 3. g3 d5 4. Bg2 Bb4+ 5. Nd2 O-O 6. Ngf3 b6 7. O-O Bb7 8. b3 Nbd7 9. Bb2 Be7 10. Rc1 Rc8 11. Ne5 c5 12. cxd5 Nxe5 13. d6 Nc6 14. dxe7 Qxe7 15. dxc5 bxc5 16. e3 Nd5 17. Qg4 f5 18. Qe2 Nb6 19. Rfd1 Rfd8 20. a3 Nb8 21. Bxb7 Qxb7 22. Nc4 Qe7 23. e4 f4 24. gxf4 Qh4 25. Qf3 Rf8 26. Qg3 Qh6 27. Kh1 N6d7 28. Rg1 Nf6 29. Qg5 Qxg5 30. Rxg5 Rc7 31. Rcg1 Kh8 32. f3 Ne8 33. Rd1 Rd7 34. Rxd7 Nxd7 35. f5 h6 36. Rg6 exf5 37. e5 Nc7 38. Rd6 Nb8 39. f4 Kg8 40. Ne3 Kh7 41. h4 Rf7 42. Kg2 g6 43. Nd5 Nxd5 44. Rxd5 Rb7 45. Rxc5 Rxb3 46. Rc7+ Kg8 47. Bd4 Rd3 48. Bxa7 Rd8 49. Bxb8 Rxb8 50. Rc2 Ra8 51. Ra2 Ra4 52. Kf3 Kf7 53. Ke3 Ke6 54. Ra1 g5 55. fxg5 hxg5 56. hxg5 Kxe5 57. Kf3 Rg4 58. Re1+ Kd6 59. Rd1+ Kc6 60. Rc1+ Kb6 61. Rb1+ Ka6 62. Rb3 Rxg5 63. Kf4 Rg8 64. Kxf5 Re8 65. Kf6 Ka5 1/2-1/2

[Event "Montreal op"]
[Site "Montreal CAN"]
[Date "2025.09.06"]
[Round "5.26"]
[White "Rondon, Luciano"]
[Black "Both, Aaron"]
[Result "0-1"]
[WhiteElo "1950"]
[BlackElo "1917"]
[WhiteFideId "-1"]
[WhiteFideId "-1"]
[PlyCount "50"]
[GameId "2220512957124784"]
[EventDate "2025.09.03"]
[EventType "swiss"]
[EventRounds "7"]
[EventCountry "CAN"]

1. d4 f5 2. c4 Nf6 3. Nf3 g6 4. g3 Bg7 5. Bg2 O-O 6. O-O d6 7. Nc3 c6 8. d5 e5 9. dxe6 Bxe6 10. Bf4 Bxc4 11. Bxd6 Re8 12. Ne5 Be6 13. Nf3 Kh8 14. Bf4 Nbd7 15. Qc2 Qb6 16. Be3 Qa6 17. Nd4 Bc4 18. a4 Ng4 19. Ncb5 cxb5 20. axb5 Qb6 21. Qxc4 Rxe3 22. Qd5 Qxd4 23. Qxd4 Bxd4 24. Rad1 Rxe2 25. Rxd4 Nc5 0-1

[Event "Montreal op"]
[Site "Montreal CAN"]
[Date "2025.09.06"]
[Round "5.27"]
[White "Mok, Yuen Tak"]
[Black "Wu, Ting En Ryan"]
[Result "1/2-1/2"]
[WhiteElo "1941"]
[BlackElo "1743"]
[WhiteFideId "-1"]
[WhiteFideId "-1"]
[PlyCount "55"]
[GameId "2220514221076712"]
[EventDate "2025.09.03"]
[EventType "swiss"]
[EventRounds "7"]
[EventCountry "CAN"]

1. Nf3 d5 2. c4 c6 3. e3 Nf6 4. Nc3 e6 5. b3 Bd6 6. Bb2 O-O 7. d4 Nbd7 8. Be2 Re8 9. O-O Nf8 10. Qc2 Ng6 11. Rfe1 a6 12. e4 Bb4 13. e5 Nd7 14. c5 a5 15. Bd3 b6 16. cxb6 Ba6 17. b7 Bxb7 18. a3 Be7 19. Na4 Ba6 20. Bxg6 hxg6 21. Qxc6 Bc4 22. Nc5 Nxc5 23. dxc5 Bxb3 24. Nd2 Qb8 25. Bd4 Rc8 26. Qb6 Ba4 27. Reb1 Qc7 28. Rc1 1/2-1/2

[Event "Montreal op"]
[Site "Montreal CAN"]
[Date "2025.09.06"]
[Round "5.28"]
[White "Jutras, Arnaud"]
[Black "Duval, Mathieu"]
[Result "1/2-1/2"]
[WhiteElo "1720"]
[BlackElo "1929"]
[WhiteFideId "-1"]
[WhiteFideId "-1"]
[PlyCount "110"]
[GameId "2220517222052143"]
[EventDate "2025.09.03"]
[EventType "swiss"]
[EventRounds "7"]
[EventCountry "CAN"]

1. c4 Nf6 2. g3 e6 3. Bg2 d5 4. Nf3 dxc4 5. O-O Nbd7 6. Qa4 c6 7. Qxc4 c5 8. b3 a6 9. Qc2 Bd6 10. Bb2 O-O 11. Na3 Bc7 12. Rac1 Rb8 13. d4 b6 14. dxc5 bxc5 15. Rfd1 Qe7 16. Nc4 e5 17. Bc3 Bb7 18. Nh4 Bxg2 19. Nxg2 Nb6 20. Nge3 Qe6 21. Nxb6 Bxb6 22. Qf5 Rfe8 23. Bb2 Rbc8 24. Qxe6 Rxe6 25. Nd5 Ba7 26. Nxf6+ gxf6 27. Rc4 h5 28. Ba3 Rec6 29. Kf1 Kg7 30. e3 a5 31. Rd7 R8c7 32. Rd5 Kg6 33. f4 Kf5 34. Bb2 Ke6 35. e4 exf4 36. gxf4 Rd7 37. f5+ Ke7 38. Rxd7+ Kxd7 39. Bc3 Bb6 40. Ra4 Bc7 41. h3 Ra6 42. Rc4 Rc6 43. Ke2 Kc8 44. Bd4 Bb6 45. Be3 Kb7 46. Bh6 Bc7 47. Be3 Bd6 48. Rc1 a4 49. Kd3 axb3 50. axb3 Rb6 51. Bxc5 Bxc5 52. Rxc5 Rxb3+ 53. Rc3 Rxc3+ 54. Kxc3 Kc6 55. Kc4 h4 1/2-1/2

[Event "Montreal op"]
[Site "Montreal CAN"]
[Date "2025.09.06"]
[Round "5.29"]
[White "Zhang, Yitian"]
[Black "Chabot, Roland"]
[Result "1-0"]
[WhiteElo "1833"]
[BlackElo "2043"]
[WhiteFideId "-1"]
[WhiteFideId "-1"]
[PlyCount "54"]
[GameId "2220541933633853"]
[EventDate "2025.09.03"]
[EventType "swiss"]
[EventRounds "7"]
[EventCountry "CAN"]

1. d4 Nf6 2. c4 d6 3. Nc3 Nbd7 4. e4 e5 5. Nf3 Be7 6. Be2 O-O 7. O-O c6 8. d5 c5 9. Ne1 Ne8 10. Be3 Bg5 11. Qd2 Bxe3 12. Qxe3 g6 13. Nd3 Ng7 14. a3 f5 15. f3 f4 16. Qd2 g5 17. b4 b6 18. bxc5 bxc5 19. Rfb1 Nf6 20. a4 g4 21. a5 Kh8 22. a6 gxf3 23. Bxf3 Ng4 24. Bxg4 Bxg4 25. Nf2 Qh4 26. Nxg4 Qxg4 27. Rb7 Rf6 1-0

[Event "Montreal op"]
[Site "Montreal CAN"]
[Date "2025.09.06"]
[Round "5.30"]
[White "Charaf, Bassel"]
[Black "Morin-Pare, Victor"]
[Result "1/2-1/2"]
[WhiteElo "2003"]
[BlackElo "1873"]
[WhiteFideId "-1"]
[WhiteFideId "-1"]
[PlyCount "115"]
[GameId "2220544926601783"]
[EventDate "2025.09.03"]
[EventType "swiss"]
[EventRounds "7"]
[EventCountry "CAN"]

1. d4 Nf6 2. c4 e6 3. Nc3 Bb4 4. e3 O-O 5. Nge2 d5 6. a3 Be7 7. cxd5 exd5 8. g3 Bf5 9. Qb3 Nc6 10. Bg2 Na5 11. Qa2 c6 12. O-O Nc4 13. e4 Be6 14. Nf4 Nb6 15. e5 Ne8 16. Nxe6 fxe6 17. b3 g5 18. f4 Ng7 19. Ne2 g4 20. Be3 Nf5 21. Bf2 h5 22. Nc1 Rc8 23. Nd3 Rf7 24. Rfc1 Nd7 25. Qe2 Qb6 26. Qd1 Nb8 27. b4 Na6 28. Bf1 Qd8 29. Rab1 Nb8 30. Nc5 Bxc5 31. bxc5 b5 32. cxb6 axb6 33. a4 Ra7 34. Ra1 Nd7 35. Bd3 Qf8 36. h3 Nh6 37. Kg2 gxh3+ 38. Kxh3 Ng4 39. Kg2 c5 40. Qh1 Qh6 41. dxc5 bxc5 42. Be2 Qg6 43. Qh4 Rb8 44. Rh1 Rb2 45. Bxg4 Qxg4 46. Qxh5 Qxh5 47. Rxh5 d4 48. Rah1 Nf8 49. f5 exf5 50. Kf3 Rxa4 51. Rg5+ Kf7 52. Rxf5+ Ke7 53. Rh8 Raa2 54. Bg1 Nd7 55. Ke4 Rg2 56. Rh7+ Ke6 57. Rh6+ Ke7 58. Rh7+ 1/2-1/2

[Event "Montreal op"]
[Site "Montreal CAN"]
[Date "2025.09.06"]
[Round "5.31"]
[White "Fodil, Abderrahmane"]
[Black "Darvekar, Yash"]
[Result "0-1"]
[WhiteElo "1400"]
[BlackElo "1989"]
[WhiteFideId "-1"]
[WhiteFideId "-1"]
[PlyCount "77"]
[GameId "2220546702271135"]
[EventDate "2025.09.03"]
[EventType "swiss"]
[EventRounds "7"]
[EventCountry "CAN"]

1. e4 c5 2. Nf3 d6 3. c3 Nf6 4. d4 Nxe4 5. d5 Nf6 6. c4 g6 7. Bd3 Bg7 8. h3 O-O 9. O-O e6 10. Nc3 exd5 11. cxd5 h6 12. Re1 a6 13. a4 Re8 14. Be3 Nbd7 15. Qd2 Kh7 16. Qc2 b6 17. Bf4 Bb7 18. Rad1 Ne5 19. Bxe5 dxe5 20. Be4 Nxe4 21. Qxe4 f5 22. Qc4 e4 23. Nh2 Qd6 24. Rd2 Rad8 25. Red1 Bd4 26. Nf1 f4 27. Nh2 e3 28. Re2 Bxd5 29. Nxd5 Qxd5 30. Qxd5 Rxd5 31. f3 Red8 32. b3 Bc3 33. Rxd5 Rxd5 34. Nf1 h5 35. Nh2 Rd2 36. Re1 Rxg2+ 37. Kxg2 Bxe1 38. Kf1 Bg3 39. Kg2 0-1

[Event "Montreal op"]
[Site "Montreal CAN"]
[Date "2025.09.06"]
[Round "5.32"]
[White "Turcotte, Jonathan"]
[Black "Lalande, Auguste"]
[Result "1-0"]
[WhiteElo "1945"]
[BlackElo "1400"]
[WhiteFideId "-1"]
[WhiteFideId "-1"]
[PlyCount "111"]
[GameId "2220580100135616"]
[EventDate "2025.09.03"]
[EventType "swiss"]
[EventRounds "7"]
[EventCountry "CAN"]

1. d4 Nf6 2. c4 g6 3. Nc3 d5 4. Bf4 Bg7 5. e3 O-O 6. Rc1 c6 7. Nf3 Bg4 8. cxd5 Nxd5 9. Nxd5 Qxd5 10. Bc4 Bxf3 11. gxf3 Qh5 12. Bg3 c5 13. dxc5 Bxb2 14. Rc2 Bf6 15. Qd5 Qxd5 16. Bxd5 Nc6 17. Bxc6 bxc6 18. Ke2 e5 19. Rb1 Rab8 20. Rcb2 Rxb2+ 21. Rxb2 Be7 22. Bxe5 Bxc5 23. Rc2 Bb6 24. Rxc6 Re8 25. f4 Kf8 26. Bc7 Bxc7 27. Rxc7 Ra8 28. a4 a5 29. Rc5 Ke7 30. Rb5 Ra7 31. e4 Ke6 32. f5+ Kf6 33. fxg6 hxg6 34. h4 Ra6 35. Kf3 Ke7 36. Kg4 Kf6 37. f4 Kg7 38. f5 Kf6 39. e5+ Ke7 40. Rb7+ Ke8 41. Kg5 Kf8 42. e6 gxf5 43. Rxf7+ Kg8 44. Rf6 Kg7 45. Kxf5 Rc6 46. Kg5 Rc1 47. Rf7+ Kg8 48. Ra7 Rg1+ 49. Kf6 Rf1+ 50. Ke7 Rh1 51. Rxa5 Rxh4 52. Rg5+ Kh7 53. a5 Kh6 54. Rd5 Kg6 55. Kd7 Rb4 56. a6 1-0

[Event "Montreal op"]
[Site "Montreal CAN"]
[Date "2025.09.06"]
[Round "5.34"]
[White "Nagelberg, Alan"]
[Black "Morteza, Arian"]
[Result "1-0"]
[WhiteElo "1881"]
[BlackElo "1910"]
[WhiteFideId "-1"]
[WhiteFideId "-1"]
[PlyCount "71"]
[GameId "2220584354667408"]
[EventDate "2025.09.03"]
[EventType "swiss"]
[EventRounds "7"]
[EventCountry "CAN"]

1. c4 f5 2. Nc3 Nf6 3. g3 g6 4. Bg2 Bg7 5. d3 O-O 6. e4 d6 7. exf5 gxf5 8. d4 c6 9. Nge2 Qe8 10. d5 e5 11. dxe6 Bxe6 12. Qxd6 Bxc4 13. O-O Na6 14. Qf4 Bd3 15. Re1 Nc5 16. Be3 Ne6 17. Qb4 Qf7 18. Rad1 Rad8 19. Bxa7 Kh8 20. Bb6 Rd7 21. Nd4 c5 22. Bxc5 Nxc5 23. Qxc5 Ne4 24. Qxf5 Qxf5 25. Nxf5 Nxc3 26. Rxd3 Rxd3 27. Nxg7 Nxa2 28. Re7 Rd1+ 29. Bf1 b6 30. Ne6 Rc8 31. Kg2 Rd2 32. Ba6 Rb8 33. Bc4 Nb4 34. Ng5 Nd5 35. Rxh7+ Kg8 36. Rd7 1-0

[Event "Montreal op"]
[Site "Montreal CAN"]
[Date "2025.09.07"]
[Round "6.3"]
[White "Chiku-Ratte, Olivier-Kenta"]
[Black "Tanaka, Tyler"]
[Result "1-0"]
[WhiteElo "2319"]
[BlackElo "2244"]
[WhiteFideId "-1"]
[WhiteFideId "-1"]
[PlyCount "65"]
[GameId "2221633315275425"]
[EventDate "2025.09.03"]
[EventType "swiss"]
[EventRounds "7"]
[EventCountry "CAN"]

1. d4 d5 2. c4 dxc4 3. e4 b5 4. a4 c6 5. axb5 cxb5 6. Nc3 a6 7. Nxb5 axb5 8. Rxa8 Bb7 9. Ra2 e6 10. f3 f5 11. exf5 Nc6 12. Ne2 Nge7 13. fxe6 Nf5 14. g3 Bb4+ 15. Nc3 Ncxd4 16. Bg2 Nxf3+ 17. Bxf3 Qxd1+ 18. Bxd1 Bxh1 19. Bd2 Bxc3 20. Bxc3 O-O 21. Bg4 g6 22. Bxf5 gxf5 23. e7 Re8 24. Bb4 Kf7 25. Ra6 Rb8 26. Kf2 Be4 27. Ke3 Ra8 28. Rh6 Rh8 29. Kf4 Bd3 30. Ke5 Kg7 31. Rf6 f4 32. Rf8 Bg6 33. Kxf4 1-0

[Event "Montreal op"]
[Site "Montreal CAN"]
[Date "2025.09.07"]
[Round "6.4"]
[White "Martinez Mulet, Dario Leonel"]
[Black "Latorre, Vincent"]
[Result "1/2-1/2"]
[WhiteElo "2173"]
[BlackElo "2319"]
[WhiteFideId "-1"]
[WhiteFideId "-1"]
[PlyCount "42"]
[GameId "2221633315291812"]
[EventDate "2025.09.03"]
[EventType "swiss"]
[EventRounds "7"]
[EventCountry "CAN"]

1. d4 Nf6 2. Nf3 g6 3. g3 Bg7 4. Bg2 O-O 5. O-O d6 6. c4 c6 7. Nc3 Bf5 8. Nh4 Be6 9. Qd3 d5 10. cxd5 cxd5 11. Bf4 Nc6 12. Rfd1 a6 13. Nf3 Bf5 14. Qd2 Be4 15. Ne5 Bxg2 16. Kxg2 Rc8 17. Rac1 e6 18. Bg5 Qd6 19. Bf4 Qe7 20. Bg5 Qd6 21. Bf4 Qe7 1/2-1/2

[Event "Montreal op"]
[Site "Montreal CAN"]
[Date "2025.09.07"]
[Round "6.5"]
[White "Migot, Tangi"]
[Black "Adam, Rafael"]
[Result "1/2-1/2"]
[WhiteElo "2324"]
[BlackElo "2160"]
[WhiteFideId "-1"]
[WhiteFideId "-1"]
[PlyCount "118"]
[GameId "2221633315291813"]
[EventDate "2025.09.03"]
[EventType "swiss"]
[EventRounds "7"]
[EventCountry "CAN"]

1. e4 c5 2. d4 cxd4 3. Qxd4 Nc6 4. Qd3 Nf6 5. Nc3 e6 6. Bf4 Bb4 7. O-O-O O-O 8. Nge2 Qb6 9. f3 d5 10. exd5 Nxd5 11. Nxd5 exd5 12. a3 Bc5 13. Nc3 Be6 14. Na4 Qa5 15. Nxc5 Qxc5 16. Qb5 Qe7 17. Bd3 Rfd8 18. Rhe1 Rac8 19. Kb1 Qf6 20. Bg3 b6 21. Qa4 Na5 22. Be5 Qe7 23. Ba6 Rc5 24. Bd4 Rc7 25. Qb4 Nc4 26. Qxe7 Rxe7 27. b3 Nd6 28. g4 Rde8 29. Be5 Nb7 30. Bb5 Bd7 31. Bxd7 Rxd7 32. Bg3 Kf8 33. Rxe8+ Kxe8 34. Kc1 Nc5 35. Kd2 Ne6 36. Bf2 Rc7 37. Re1 Kd7 38. h4 g6 39. Re5 Kc6 40. h5 Re7 41. Bh4 Re8 42. f4 Nc7 43. Bf6 Re6 44. Rxe6+ Nxe6 45. f5 gxf5 46. gxf5 Nc5 47. Ke3 Nd7 48. Bd4 Kd6 49. Kf4 f6 50. a4 Ke7 51. a5 Kf7 52. h6 Ke7 53. axb6 axb6 54. Bb2 Nb8 55. Bd4 b5 56. Bc5+ Kd7 57. Bd4 Ke7 58. Bc5+ Kd7 59. Bd4 Ke7 1/2-1/2

[Event "Montreal op"]
[Site "Montreal CAN"]
[Date "2025.09.07"]
[Round "6.6"]
[White "Zhu, Hong Rui"]
[Black "Gavrilin, Roman"]
[Result "1/2-1/2"]
[WhiteElo "2212"]
[BlackElo "2148"]
[WhiteFideId "-1"]
[WhiteFideId "-1"]
[PlyCount "40"]
[GameId "2221633315291814"]
[EventDate "2025.09.03"]
[EventType "swiss"]
[EventRounds "7"]
[EventCountry "CAN"]

1. e4 c5 2. Ne2 d6 3. g3 g6 4. Bg2 Bg7 5. c3 Nc6 6. O-O e5 7. Na3 Nge7 8. f4 O-O 9. Nc2 d5 10. exd5 Nxd5 11. fxe5 Nxe5 12. d4 cxd4 13. Nexd4 Bg4 14. Qd2 Qd7 15. Nb3 Rad8 16. Qxd5 Qxd5 17. Bxd5 Rxd5 18. Ne3 Rd7 19. Nxg4 Nxg4 20. Bf4 Ne5 1/2-1/2